Aneurin Bevan (Record no. 223983)
[ view plain ]
| 000 -LEADER | |
|---|---|
| fixed length control field | 00903nam a22002297a 4500 |
| 005 - DATE AND TIME OF LATEST TRANSACTION | |
| control field | 20220719145123.0 |
| 008 - FIXED-LENGTH DATA ELEMENTS--GENERAL INFORMATION | |
| fixed length control field | 220719b ||||| |||| 00| 0 eng d |
| 020 ## - INTERNATIONAL STANDARD BOOK NUMBER | |
| International Standard Book Number | 058608200X |
| 040 ## - CATALOGING SOURCE | |
| Transcribing agency | Aloy |
| 041 ## - LANGUAGE CODE | |
| Language code of text/sound track or separate title | eng |
| 082 ## - DEWEY DECIMAL CLASSIFICATION NUMBER | |
| Edition number | 23 |
| Classification number | 942.924 |
| Item number | FOOA |
| 100 ## - MAIN ENTRY--PERSONAL NAME | |
| Personal name | Michael Foot |
| 100 ## - MAIN ENTRY--PERSONAL NAME | |
| 9 (RLIN) | 51298 |
| 245 ## - TITLE STATEMENT | |
| Title | Aneurin Bevan |
| 260 ## - PUBLICATION, DISTRIBUTION, ETC. | |
| Place of publication, distribution, etc. | London |
| Name of publisher, distributor, etc. | Granada Publishing |
| Date of publication, distribution, etc. | 1979 |
| 300 ## - PHYSICAL DESCRIPTION | |
| Extent | vii,352p. |
| Other physical details | PB |
| Dimensions | 19x11cm. |
| 365 ## - TRADE PRICE | |
| Source of price type code | History |
| 520 ## - SUMMARY, ETC. | |
| Summary, etc. | An abridged version of Michael Foot's biography of Labour leader Aneurin Bevan, published to commemorate the centenary of his birth. Bevan died in 1960, and was acclaimed by all sides as a great politician. Throughout his life he was at the centre of controversy, seemingly at war with leaders of all political parties, including his own. |
| 650 ## - SUBJECT ADDED ENTRY--TOPICAL TERM | |
| Topical term or geographic name entry element | Biography |
| 9 (RLIN) | 51295 |
| 650 ## - SUBJECT ADDED ENTRY--TOPICAL TERM | |
| Topical term or geographic name entry element | Socialist |
| 9 (RLIN) | 51296 |
| 700 ## - ADDED ENTRY--PERSONAL NAME | |
| Personal name | FOOT (Michael) |
| 9 (RLIN) | 51297 |
| 942 ## - ADDED ENTRY ELEMENTS (KOHA) | |
| Source of classification or shelving scheme | Dewey Decimal Classification |
| Koha item type | George Fernandes Collections |
| Withdrawn status | Lost status | Source of classification or shelving scheme | Damaged status | Not for loan | Collection code | Home library | Current library | Date acquired | Total Checkouts | Full call number | Barcode | Date last seen | Price effective from | Koha item type |
|---|---|---|---|---|---|---|---|---|---|---|---|---|---|---|
| Dewey Decimal Classification | History | St Aloysius Library | St Aloysius Library | 03/24/2013 | 942.924 FOOA | GF03526 | 07/19/2022 | 07/19/2022 | George Fernandes Collections |